100 Chanteurs Internationaux (En Images) - Statistiques

Statistiques générales
  • Ce quiz a été pris 623 fois
  • Le résultat moyen est 38 sur 100
Statistiques - réponses
Par images Réponse % Correct
Michael Jackson
94%
Bruno Mars
91%
Ed Sheeran
85%
Bob Marley
84%
Drake
83%
Snoop Dog
83%
Freddie Mercury
82%
Justin Bieber
82%
Eminem
81%
Harry Styles
78%
Elton John
77%
The Weeknd
77%
Psy
75%
Sam Smith
72%
Jay-Z
71%
Lil Nas X
71%
Pharell Williams
71%
Elvis Presley
68%
Kanye West
68%
John Lennon
64%
Justin Timberlake
64%
Jason Derulo
61%
Travis Scott
59%
Avicii
57%
Shawn Mendes
55%
David Bowie
54%
Pitbull
53%
Post Malone
53%
Will.i.am
53%
XXXTentacion
53%
Bad Bunny
52%
Charlie Puth
51%
Zayn Malik
50%
Prince
47%
Macklemore
46%
Usher
45%
Ray Charles
44%
Sting
42%
Tupac Shakur
42%
John Legend
41%
Robbie Williams
41%
Lewis Capaldi
40%
Chris Martin
38%
Paul McCartney
38%
Chris Brown
37%
Enrique Iglesias
37%
Frank Ocean
36%
Damiano David
35%
Lionel Richie
35%
Adam Levine
34%
Mick Jagger
34%
Lil Wayne
33%
Bob Dylan
31%
Kendrick Lamar
31%
Liam Payne
31%
Seal
31%
Stevie Wonder
31%
Luis Fonsi
30%
Luciano Pavarotti
29%
Rag'n'Bone Man
29%
Tyler, The Creator
28%
Iggy Pop
25%
Bono
24%
George Michael
24%
Phil Collins
22%
Benson Boone
21%
James Brown
21%
Tom Odell
21%
James Arthur
20%
James Blunt
20%
The Kid Laroi
20%
Childish Gambino
19%
Bruce Springsteen
18%
Ozzy Osbourne
17%
Khalid
16%
Troye Sivan
16%
Michael Bublé
15%
Teddy Swims
15%
Tom Jones
15%
Yungblud
15%
Andrea Bocelli
14%
Axl Rose
13%
J Balvin
13%
Rod Stewart
13%
Marvin Gaye
12%
Flo Rida
11%
Daddy Yankee
10%
Shaggy
10%
Youssou N'Dour
10%
Leonard Cohen
9%
R.Kelly
8%
Billy Joel
7%
Josh Groban
6%
Lemmy Kilmister
5%
Asaf Avidan
4%
Blake Shelton
4%
Bryan Adams
4%
Thom Yorke
4%
Robert Plant
3%
Umberto Tozzi
3%
Aucun quiz correspondant
Distribution des résultats
% des personnes avec chaque résultat
Percentile par nombre de réponses
Votre historique - résultats
Vous n’avez pas pris ce quiz